000 00765nab a2200241u 4500
001 17864
003 HDC
007 c| |||a|c|aaaa
008 210224b20140527my ||||| |||| 00| 0 may d
040 _aHDC
100 _aShahrizan Salian /
_eauthor
_98378
245 0 _aCantik guna unsur syirik haram /
_cFakihah Azahari
336 _atext
_2rdacontent
337 _acomputer
_2rdamedia
338 _aonline resource
_2rdacarrier
650 _acosmetics products
_910901
650 _aJAKIM
_97825
710 _aBERITA HARIAN
856 _zRequest full-text at [email protected]
942 _2lcc
942 _cNEWS
942 _kNWSC 005041
999 _c15180
_d15180